| 000 | 00730nam a2200217 a 4500 | ||
|---|---|---|---|
| 001 | 000048125 | ||
| 005 | 20201002060933.0 | ||
| 008 | 181119s2017 xxuac 000 f spa d | ||
| 020 | _a9781976112263 | ||
| 040 |
_aDO-SdBNP _bspa _cBNPHU |
||
| 082 |
_aRD863.44 _bC957t, 2017 |
||
| 100 | 1 |
_aCruz, Eramis _928488 |
|
| 245 | 1 | 0 |
_aTras la paz perdida / _cEramis Cruz ; prólogo Mercedes Aracena Disla. |
| 250 | _a2a ed. | ||
| 260 |
_aEstados Unidos de América : _bColumbia, _c2017. |
||
| 300 |
_a174 p. : _bil., ; _c22 cm. |
||
| 500 | _aIncluye datos biográficos del autor en la contracubierta | ||
| 590 | _aInventariado, 2018/LP | ||
| 700 | 1 |
_aAracena Disla, Mercedes, _epról. _924316 |
|
| 910 | _aValidado. Control de calidad MFF | ||
| 999 |
_c47613 _d47613 |
||